[Event "Le Touquet op 22nd"]
[Site "Le Touquet"]
[Date "2007.11.02"]
[Round "9"]
[White "Le Gall, Eric"]
[Black "Roffe, Benoit"]
[Result "1-0"]
[WhiteElo "1813"]
[BlackElo "1929"]
[PlyCount "51"]
[EventDate "2007.10.27"]
[EventType "swiss"]
[EventRounds "9"]
[EventCountry "FRA"]
[SourceTitle "EXT 2008"]
[Source "ChessBase"]
[SourceDate "2007.11.25"]
[SourceVersion "1"]
[SourceVersionDate "2007.11.25"]
[SourceQuality "1"]

1. e4 e5 2. f4 Bc5 3. Nf3 d6 4. Nc3 Nc6 5. Bb5 Nf6 6. Qe2 0-0 7. Bxc6 bxc6 8. Na4 exf4 9. Nxc5 dxc5 10. d3 c4 11. dxc4 Re8 12. e5 Ng4 13. Bxf4 Nxe5 14. Bxe5 f6 15. 0-0 Bg4 16. Qe4 Qd7 17. Rad1 Qe6 18. Nd4 Qxc4 19. Rd3 fxe5 20. Qxg4 exd4 21. Qxd4 Qxc2 22. Rg3 Re7 23. Rgf3 Rae8 24. R3f2 Re2 25. Qd7 Qe4 26. Qf7+ 1-0

[Event "Malakoff op 5th"]
[Site "Malakoff"]
[Date "2006.04.10"]
[Round "4"]
[White "Roffe, Benoit"]
[Black "Chanoine, Guillaume"]
[Result "0-1"]
[WhiteElo "1930"]
[BlackElo "2282"]
[PlyCount "82"]
[EventDate "2006.04.08"]
[EventType "swiss"]
[EventRounds "9"]
[EventCountry "FRA"]
[SourceTitle "CBM 111 Extra"]
[Source "ChessBase"]
[SourceDate "2006.05.09"]
[SourceVersion "1"]
[SourceVersionDate "2006.05.09"]
[SourceQuality "1"]

1. e4 c5 2. Nf3 Nc6 3. d4 cxd4 4. Nxd4 e5 5. Nb5 d6 6. N1c3 a6 7. Na3 b5 8. Nd5 Nge7 9. c4 Nd4 10. Nc2 Nxd5 11. cxd5 Bg4 12. Qd2 Nxc2+ 13. Qxc2 Rc8 14. Qb3 Be7 15. Bd3 0-0 16. 0-0 f5 17. f4 Qb6+ 18. Kh1 fxe4 19. Bxe4 Qd4 20. Qd3 Qxd3 21. Bxd3 Bf5 22. Bxf5 Rxf5 23. Be3 exf4 24. g3 Rxd5 25. Bxf4 Rc2 26. Rae1 Bf6 27. Re8+ Kf7 28. Ra8 Rc6 29. b3 h5 30. h4 Rf5 31. Rd1 d5 32. Ra7+ Kg6 33. Rd7 d4 34. Rd2 b4 35. Kg2 Rfc5 36. Ra7 Rd5 37. Kf3 Kf5 38. Rb7 a5 39. Bg5 Rc3+ 40. Kg2 Bxg5 41. hxg5 Kg6 0-1

[Event "FRA-chT3 0405"]
[Site "Franconville"]
[Date "2004.11.06"]
[Round "2.1"]
[White "Valbuena, Alvaro"]
[Black "Roffe, Benoit"]
[Result "1-0"]
[WhiteElo "2040"]
[BlackElo "1920"]
[PlyCount "97"]
[EventDate "2004.10.10"]
[EventType "team"]
[EventRounds "9"]
[EventCountry "FRA"]
[SourceTitle "EXT 2007"]
[Source "ChessBase"]
[SourceDate "2006.11.23"]
[SourceVersion "1"]
[SourceVersionDate "2006.11.23"]
[SourceQuality "1"]

1. f4 d5 2. Nf3 Nc6 3. e3 Nf6 4. Be2 Bf5 5. 0-0 h6 6. d3 e6 7. Nbd2 Bd6 8. Nb3 Qe7 9. c3 0-0-0 10. Nfd4 Nxd4 11. Nxd4 c6 12. Bf3 g5 13. b4 Qc7 14. g3 Rdg8 15. Bg2 h5 16. Nxf5 exf5 17. fxg5 Ng4 18. Qf3 Rxg5 19. e4 dxe4 20. dxe4 fxe4 21. Qxe4 Qb6+ 22. Qd4 Qxd4+ 23. cxd4 Rb5 24. a3 Rf8 25. h3 Ne5 26. Bf4 Nc4 27. d5 Bxf4 28. Rxf4 Ne3 29. dxc6 Nxg2 30. cxb7+ Kxb7 31. Kxg2 Rd5 32. Raf1 Rd7 33. a4 Rd2+ 34. R1f2 Rxf2+ 35. Kxf2 Kc6 36. Ke3 f5 37. Kd4 Kd6 38. g4 hxg4 39. hxg4 Rb8 40. Kd3 fxg4 41. Rxg4 Rb7 42. Kc4 Re7 43. Kb5 Kd5 44. Ka6 Kc6 45. Rc4+ Kd6 46. b5 Kd5 47. Rc8 Re4 48. a5 Rb4 49. Rc7 1-0